Principles of Economics and Taxation (Record no. 6479)

MARC details
005 - DATE AND TIME OF LATEST TRANSACTION
control field 20250630144156.0
020 ## - INTERNATIONAL STANDARD BOOK NUMBER
International Standard Book Number 9789978974252
082 ## - DEWEY DECIMAL CLASSIFICATION NUMBER
Classification number 336.2 MIS
245 ## - TITLE STATEMENT
Title Principles of Economics and Taxation
260 ## - PUBLICATION, DISTRIBUTION, ETC.
Place of publication, distribution, etc. Dodoma
Name of publisher, distributor, etc. Inter press of(T)Ltd
Date of publication, distribution, etc. 2014.
300 ## - PHYSICAL DESCRIPTION
Extent x,139p.
Other physical details Reference
Dimensions 22cm.
942 ## - ADDED ENTRY ELEMENTS (KOHA)
Source of classification or shelving scheme Dewey Decimal Classification
Koha item type Books
Holdings
Date last seen Total checkouts Full call number Barcode Cost, replacement price Price effective from Koha item type Lost status Source of classification or shelving scheme Damaged status Not for loan Withdrawn status Home library Current library Shelving location Date acquired Source of acquisition Cost, normal purchase price
06/30/2025   336.2 MIS DOM0004581 90000.00 06/30/2025 Books   Dewey Decimal Classification       CBE Dodoma CBE Dodoma General Collection 01/07/2018 Library budget 30000.00
06/30/2025   336.2 MIS DOM0004582 90000.00 06/30/2025 Books   Dewey Decimal Classification       CBE Dodoma CBE Dodoma General Collection 01/07/2018 Library budget 30000.00
06/30/2025   336.2 MIS DOM0004583 90000.00 06/30/2025 Books   Dewey Decimal Classification       CBE Dodoma CBE Dodoma General Collection 01/07/2018 Library budget 30000.00
06/30/2025   336.2 MIS DOM0004584 90000.00 06/30/2025 Books   Dewey Decimal Classification       CBE Dodoma CBE Dodoma General Collection 01/07/2018 Library budget 30000.00
06/30/2025   336.2 MIS DOM0004585 90000.00 06/30/2025 Books   Dewey Decimal Classification       CBE Dodoma CBE Dodoma General Collection 01/07/2018 Library budget 30000.00
06/30/2025   336.2 MIS DOM0004586 90000.00 06/30/2025 Books   Dewey Decimal Classification       CBE Dodoma CBE Dodoma General Collection 01/07/2018 Library budget 30000.00